000 00336nam a2200157Ia 4500
003 OSt
005 20231118070404.0
008 170524s9999 xx 000 0 und d
020 _a88-476-0311-0
040 _cIIMT
100 _aEnglish Edition
245 0 _aEating in sicily
260 _bBonechi
260 _c1999
942 _2ddc
_c02
999 _c7041
_d7041